000 00597nam a2200181Ia 4500
008 100920s9999 xx 000 0 und d
082 _b74175
_a24 थ 98
100 _aमाडगूळकर व्यंकटेश.
245 _aमी आणि माझा बाप.
260 _bपद्मगंधा प्रकाशन,पुणे.
_c1998
300 _a96
_bसाधी
365 _b65
520 _aसायो.
630 _aमी आणि माझा बाप.
650 _aसायो.
730 _aमी आणि माझा बाप.
942 _cBOOK
999 _c715785
_d715782